Ứng dụng khoa học công nghệ trong việc sản xuất cải mầm an toàn qui mô công nghiệp : Báo cáo tổng kết đề tài khoa học và công nghệ cấp Trường
Nội dung đề tài nhừm xác định giá thể, phân bón, hệ thống trồng, kỹ thuật ủ hạt, xử lý hạt và giống cải cầm thích hợp cho sự sinh trưởng, năng suất, chất lượng và hiệu quả cao nhằm đáp ứng yêu cầu của người tiêu dùng địa phương....
محفوظ في:
| المؤلف الرئيسي: | |
|---|---|
| التنسيق: | كتاب |
| اللغة: | Undetermined |
| منشور في: |
Cần Thơ
Trường Đại học Cần Thơ
2011
|
| الموضوعات: | |
| الوسوم: |
إضافة وسم
لا توجد وسوم, كن أول من يضع وسما على هذه التسجيلة!
|
| Thư viện lưu trữ: | Trung tâm Học liệu Trường Đại học Cần Thơ |
|---|
| LEADER | 01282nam a2200229Ia 4500 | ||
|---|---|---|---|
| 001 | CTU_203755 | ||
| 008 | 210402s9999 xx 000 0 und d | ||
| 082 | |a 635.5 | ||
| 082 | |b B100 | ||
| 088 | |a T2010-28 | ||
| 100 | |a Trần, Thị Ba | ||
| 245 | 0 | |a Ứng dụng khoa học công nghệ trong việc sản xuất cải mầm an toàn qui mô công nghiệp : | |
| 245 | 0 | |b Báo cáo tổng kết đề tài khoa học và công nghệ cấp Trường | |
| 245 | 0 | |c Trần Thị Ba (Chủ nhiệm đề tài) ; Võ Thị Bích Thủy, Bùi Văn Tùng (tham gia thực hiện) | |
| 260 | |a Cần Thơ | ||
| 260 | |b Trường Đại học Cần Thơ | ||
| 260 | |c 2011 | ||
| 520 | |a Nội dung đề tài nhừm xác định giá thể, phân bón, hệ thống trồng, kỹ thuật ủ hạt, xử lý hạt và giống cải cầm thích hợp cho sự sinh trưởng, năng suất, chất lượng và hiệu quả cao nhằm đáp ứng yêu cầu của người tiêu dùng địa phương. | ||
| 650 | |a Vegetable trade,Rau công nghiệp | ||
| 904 | |i Tuyến | ||
| 915 | |a NN | ||
| 980 | |a Trung tâm Học liệu Trường Đại học Cần Thơ | ||